Xiếc Việt Nam trên đất nước Chùa Tháp /
Kaydedildi:
| Yazar: | |
|---|---|
| Materyal Türü: | Makale |
| Dil: | Vietnamese |
| Konular: | |
| Etiketler: |
Etiketle
Etiket eklenmemiş, İlk siz ekleyin!
|
| Thư viện lưu trữ: | Thư viện Trường Đại học Đà Lạt |
|---|
| LEADER | 00734nam a2200265 4500 | ||
|---|---|---|---|
| 001 | DLU090101985 | ||
| 005 | ##20091202 | ||
| 040 | # | # | |a DLU |b vie |
| 041 | # | # | |a vie |
| 044 | # | # | |a vn |
| 100 | # | # | |a Ngô Ngọc Yêng. |
| 245 | # | # | |a Xiếc Việt Nam trên đất nước Chùa Tháp / |c Ngô Ngọc Yêng. |
| 653 | # | # | |a Giao lưu văn hoá |
| 653 | # | # | |a Việt Nam |
| 653 | # | # | |a Xiếc |
| 773 | # | # | |t Văn hoá Nghệ thuật |g Số 6, 1981, tr. 33-35 |
| 920 | # | # | |a Phòng Tạp chí -- Trung tâm Thông tin - Thư viện Trường Đại học Đà Lạt |
| 994 | # | # | |a DLU |
| 900 | # | # | |a True |
| 911 | # | # | |a Đào Thị Thu Huyền |
| 925 | # | # | |a G |
| 926 | # | # | |a A |
| 927 | # | # | |a BB |
| 980 | # | # | |a Thư viện Trường Đại học Đà Lạt |